Capitalismo y política imperial

Salvato in:
Dettagli Bibliografici
Autore principale: Wing - Ching Sandí, Isabel
Ente Autore: Universidad de Costa Rica
Natura: testo
Pubblicazione: San José
Tags: Aggiungi Tag
Nessun Tag, puoi essere il primo ad aggiungerne!!

MARC

LEADER 00000 a a2200000 04500
001 21588
003
040
090 |a 095800  
100 |a Wing - Ching Sandí, Isabel  
110 |a Universidad de Costa Rica  
245 |a Capitalismo y política imperial  
260 |a San José  
300 |a 23 p.  
999 |c 1440  |d 1440